| 000 | 01298nam a2200301 i 4500 | ||
|---|---|---|---|
| 001 | 147464 | ||
| 003 | ES-MaACL | ||
| 005 | 20251016164330.0 | ||
| 007 | t| | ||
| 008 | 210812s2001 sp a a00110 spa d | ||
| 020 | _a84-8043-080-X | ||
| 080 | _a7.033.4(460.23)(064.3) | ||
| 110 | 1 |
_aMuseu Nacional d'Art de Catalunya. _95944 |
|
| 245 | 1 | 0 |
_aArte románico de Cataluña : _bcolecciones del Museu Nacional d'Art de Catalunya : [exposición] Centro Cultural del Conde Duque, 11 de mayo al 24 de junio, Madrid 2001 / _c[autores del catálogo, Jordi Casanovas i Miró, Jordi Camps i Sòria, Montserrat Pagès i Paretas]. |
| 250 | _a1ª ed. | ||
| 260 |
_aBarcelona : _bMuseu Nacional d'Art de Catalunya, _c2001. |
||
| 300 |
_a95 p. : _bil. col. y n. ; _c30 cm. |
||
| 504 | _aReferencias bibliográficas. | ||
| 650 | 4 |
_aArte románico- _zCataluña- _vExposiciones. _9173188 |
|
| 655 | 7 |
_2tgfbne _9193628 _aCatálogos de exposiciones |
|
| 700 | 1 |
_aCasanovas Miró, Jordi. _9173189 |
|
| 700 | 1 |
_aCamps i Sòria, Jordi. _9151045 |
|
| 700 | 1 |
_aPagès i Paretas, Montserrat, _d1951- _9173190 |
|
| 710 | 2 |
_aCentro Cultural del Conde Duque. _92579 |
|
| 852 | 4 |
_aES-MaACL _jA-14708 _9152758 _bR.151979 _cDEPO1 _dOlim: N-7708 _hDonación: Editorial |
|
| 942 |
_2udc _cMONOGRAFIA |
||
| 999 |
_c147464 _d147464 |
||